Gestión integral de residuos solidos / (Registro nro. 15332)
[ vista simple ]
| 000 -LEADER | |
|---|---|
| fixed length control field | 01270nam a22002657a 4500 |
| 003 - CONTROL NUMBER IDENTIFIER | |
| control field | OSt |
| 005 - DATE AND TIME OF LATEST TRANSACTION | |
| control field | 20210311094013.0 |
| 008 - FIXED-LENGTH DATA ELEMENTS--GENERAL INFORMATION | |
| fixed length control field | 210311s1994 ck ad||gr|||| 00| 0 spa d |
| 020 ## - INTERNATIONAL STANDARD BOOK NUMBER | |
| International Standard Book Number | 8448117786 |
| 040 ## - CATALOGING SOURCE | |
| Original cataloging agency | CO-JMCR |
| Transcribing agency | CO-JMCR |
| 041 1# - LANGUAGE CODE | |
| Language code of text/sound track or separate title | spa |
| Language code of original | eng |
| 082 04 - DEWEY DECIMAL CLASSIFICATION NUMBER | |
| Classification number | 363.7285 / |
| Item number | T252g |
| Edition number | 23 |
| 100 1# - MAIN ENTRY--PERSONAL NAME | |
| Personal name | Tchobanoglous, George, |
| Relator term | autor |
| 9 (RLIN) | 35917 |
| 245 10 - TITLE STATEMENT | |
| Title | Gestión integral de residuos solidos / |
| Statement of responsibility, etc. | George Tchobanoglous , Hilary Theisen , Samuel Vigil ; traducción y revisión técnica Juan Ignacio Tejero Monzon |
| 260 ## - PUBLICATION, DISTRIBUTION, ETC. | |
| Place of publication, distribution, etc. | Madrid : |
| Name of publisher, distributor, etc. | McGraw-Hill, |
| Date of publication, distribution, etc. | 1994 |
| 300 ## - PHYSICAL DESCRIPTION | |
| Extent | 607 páginas : |
| Other physical details | ilustraciones, graficas y fotografías en blanco y negro ; |
| Dimensions | 25 cm. |
| 505 0# - FORMATTED CONTENTS NOTE | |
| Formatted contents note | Perspectivas -- Orígenes, composición y propiedades de los residuos solidos -- Principios de ingeniería |
| 520 0# - SUMMARY, ETC. | |
| Summary, etc. | Este libro es la respuesta a las necesidades actual de aportar soluciones científicas y de ingeniería a la gestión integral de residuos sólidos dentro del marco de la gestión de recursos. |
| 650 14 - SUBJECT ADDED ENTRY--TOPICAL TERM | |
| Topical term or geographic name entry element | Desechos peligrosos |
| 9 (RLIN) | 35918 |
| 650 24 - SUBJECT ADDED ENTRY--TOPICAL TERM | |
| Topical term or geographic name entry element | Rechazar y desechar la basura |
| 9 (RLIN) | 35919 |
| 700 1# - ADDED ENTRY--PERSONAL NAME | |
| Personal name | Theisen, Hilary, |
| Relator term | autor |
| 9 (RLIN) | 35920 |
| 700 1# - ADDED ENTRY--PERSONAL NAME | |
| Personal name | Vigil, Samuel, |
| Relator term | autor |
| 9 (RLIN) | 35921 |
| 700 1# - ADDED ENTRY--PERSONAL NAME | |
| Personal name | Tejero Monzon, Juan Ignacio, |
| Relator term | traductor |
| 9 (RLIN) | 35922 |
| 942 ## - ADDED ENTRY ELEMENTS (KOHA) | |
| Source of classification or shelving scheme | Dewey Decimal Classification |
| Koha item type | Books |
| Withdrawn status | Lost status | Source of classification or shelving scheme | Damaged status | Not for loan | Home library | Current library | Shelving location | Date acquired | Source of acquisition | Total Checkouts | Full call number | Barcode | Date last seen | Copy number | Price effective from | Koha item type |
|---|---|---|---|---|---|---|---|---|---|---|---|---|---|---|---|---|
| Dewey Decimal Classification | Biblioteca Pública José María del Castillo y Rada | Biblioteca Pública José María del Castillo y Rada | General Stacks | Donación | 363.7285 / T252g | 201810796 | 05/16/2024 | Ej.1 | Books |